UFC undefeated fighters - Statistics

General Stats
  • This quiz has been taken 31 times
  • The average score is 3 of 5
Answer Stats
Hint Answer % Correct
29-0 Khabib Nurmagomedov
96%
17-0 Ilia Topuria
79%
15-0 Khamzat Chimaev
54%
19-0 Movsar Evloev
33%
19-0 Shavkhat Rakhmonov
13%
No matching quizzes found
Score Distribution
Percent of People with Each Score
Percentile by Number Answered
Your Score History
You have not taken this quiz